000 00458nam a2200181Ia 4500
005 20250423100824.0
008 250422s9999 xx 000 0 und d
020 _a0194229831
050 _aPZ 7 .C47 R48/
100 _aChristopher, John
245 0 _aReturn to earth
260 _aOxford
260 _bOxford University Press
260 _c2000
300 _a56 p
650 _aEnglish language -- Study and teaching Readers - Level 2
942 _cBK
999 _c34442
_d34442